The Sangh & Swaraj/ (Record no. 174377)
[ view plain ]
| 000 -LEADER | |
|---|---|
| fixed length control field | 00578nam a22001817a 4500 |
| 005 - DATE AND TIME OF LATEST TRANSACTION | |
| control field | 20200610160658.0 |
| 010 ## - LCCN (DPL NO) | |
| LC control number | ENG-128187 |
| 020 ## - INTERNATIONAL STANDARD BOOK NUMBER | |
| Terms of availability | 250.00 |
| International Standard Book Number | 9789353222369 |
| 035 ## - SYSTEM CONTROL NUMBER | |
| System control number | EN-111719 |
| 037 ## - SOURCE OF ACQUISITION | |
| Source of stock number/acquisition | DBAD/PUB |
| 082 ## - DEWEY DECIMAL CLASSIFICATION NUMBER | |
| Classification number | 954.035 |
| 100 ## - MAIN ENTRY--PERSONAL NAME | |
| Personal name | Sharda, Ratan |
| 245 ## - TITLE STATEMENT | |
| Title | The Sangh & Swaraj/ |
| Statement of responsibility, etc | by Ratan Sharda |
| Remainder of title | role of rss in freedom Strugle: |
| 260 ## - PUBLICATION, DISTRIBUTION, ETC. (IMPRINT) | |
| Place of publication, distribution, etc | New Delhi |
| Name of publisher, distributor, etc | Prabhat Prakashan |
| Date of publication, distribution, etc | 2019 |
| 270 ## - ADDRESS | |
| Address | 4/19 Asaf Ali Road |
| City | New Delhi |
| Postal code | 110002 |
| Telephone number | 91-11-23289777 |
| Electronic mail address | prabhatbooks@gmail.com |
| 300 ## - PHYSICAL DESCRIPTION | |
| Extent | 110p. |
| Dimensions | 22cm(hb) |
| 942 ## - ADDED ENTRY ELEMENTS (KOHA) | |
| Source of classification or shelving scheme | Dewey Decimal Classification |
| Item type | English Books |
| Classification part | 954.035 |
| Call number suffix | SHA |
| Withdrawn status | Lost status | Not for loan | Collection code | Home library | Current library | Date acquired | Source of acquisition | Cost, normal purchase price | Full call number | Barcode | Copy number | Cost, replacement price | Koha item type |
|---|---|---|---|---|---|---|---|---|---|---|---|---|---|
| Non-fiction | Central Library | Central Library | 10/06/2020 | DBAD/PUB | 250.00 | 954.035 SHA | EN-111719 | 1 | 250.00 | English Books |
